| 000 | 01253cam a22001814a 4500 | ||
|---|---|---|---|
| 005 | 20250605164349.0 | ||
| 008 | 250528s ||||||||||||||||||||||||d | ||
| 035 | _a24071 | ||
| 040 |
_aGR-AtMCL _bgre _dGR-AtMCL _eAACR2 |
||
| 245 | 1 | _aΕκλογές Ε.Β.Ε.Α. 2, 3 και 4 Δεκεμβρίου 2017 / Βραβεία Ε.Β.Ε.Α. 2017 | |
| 260 |
_bΕμπορικό Και Βιομηχανικό Επιμελητήριο Αθηνών, _c2017 |
||
| 300 | _a64 | ||
| 520 | _aΕξωδικαστικός Μηχανισμός Ρύθμισης Οφειλών Επιχειρήσεων - Σεμινάριο για τους Υπαλλήλους των Επιμελητηρίων, Ο Ρόλος των Επιμελητηρίων στην Ελλάδα της Κρίσης, Ανακατατάξεις στο Πολιτικό Σύστημα, Τι Αλλάζει στο Υπαίθριο Εμπόριο, Θετικά Αποτελέσματα για τις Εξαγωγές, Ριζικές Μεταρρυθμίσεις στην Αγορά Ενέργειας, Σε Εφαρμογή η Ηλεκτρονική Ταυτότητα Κτιρίων. | ||
| 700 | 1 |
_aΜίχαλος Κωνσταντίνος _94319 |
|
| 942 | _cCR | ||
| 999 |
_c8971 _d8971 |
||